000 01420cam a2200325 a 4500
001 208572
003 ARRUPE
005 20220506080641.0
008 990601s1999 enka b 001 0 eng
010 _a 99073804
020 _a0761953361
040 _aDLC
_cDLC
_dDLC
041 1 _aeng
_hfre
050 0 0 _aHD58.82
_b.B3813 1999
082 0 0 _a658.4/038
_221
100 1 _aBaumard, Philippe.
_951441
240 1 0 _aOrganisations déconcertées.
_lEnglish
245 1 0 _aTacit knowledge in organizations /
_cPhilippe Baumard ; translated by Samantha Wauchope.
260 _aLondon ;
_aThousand Oaks, Calif. :
_bSage Publications,
_c1999.
300 _avi, 264 p. :
_bill. ;
_c24 cm.
500 _aTranslation of the 1996 ed. published by Masson, Paris.
504 _aIncludes bibliographical references (p. [231]-254) and index.
650 0 _aOrganizational learning.
_944154
650 0 _aKnowledge management.
_950392
856 4 2 _3Publisher description
_uhttp://www.loc.gov/catdir/enhancements/fy0656/99073804-d.html
856 4 1 _3Table of contents only
_uhttp://www.loc.gov/catdir/enhancements/fy0656/99073804-t.html
906 _a7
_bcbc
_corignew
_d2
_eopcn
_f19
_gy-gencatlg
942 _2lcc
_cMONOGRAPH
999 _c131360
_d131360